000 00766nam a2200205Ia 4500
003 OSt
005 20250714141632.0
008 210210b2003 xxu||||| |||| 00| 0 eng d
040 _cAL
041 _aKannada
082 _aK894.8 SAMA
100 _aSAMAGRA DASA SAHITYA.
_9151197
_dಸಮಗ್ರ ದಾಸ ಸಾಹಿತ್ಯ
245 _aSamagra dasa sahitya: samputa; 32, Shriramadasara kirtanegalu.
_bಸಮಗ್ರ ದಾಸ ಸಾಹಿತ್ಯ : ಸಂಪುಟ ೩೨, ಶ್ರೀ ರಾಮದಾಸರ ಕೀರ್ತನೆಗಳು
260 _aBengaluru
_bKannada mattu Samskrati Nirdeshanalalya
_c2003
300 _a50,743
650 _aDasasahitya
_9151198
690 _aKannada Miscellaneous
_9151199
906 _a059409
942 _2ddc
_cBK
999 _c106748
_d106748